Dogma de obediencia /

Guardado en:
Autor Principal: Lugones, Leopoldo.
Otros Autores: Larsen, Cecilia, estudio preliminar., López, María Pía, estudio preliminar.
Formato: Libro
Idioma:Spanish
Publicado: CABA : Biblioteca Nacional Argentina, 2010.
Series:Los raros ; 31
Materias:
Acceso en línea:Acceso a texto completo
Etiquetas: Agregar Etiqueta
Sin Etiquetas, Sea el primero en etiquetar este registro!
LEADER 02311nam a22002895a 4500
001 EHU.bham051948
008 240307s2010####ag#a####s#####100#0#spa#d
005 20240307094706.0
245 1 3 |a Dogma de obediencia /  |c Leopoldo Lugones ; estudio preliminar de Cecilia Larsen y María Pía López. 
260 |a CABA :  |b Biblioteca Nacional Argentina,  |c 2010. 
300 |a 392 p. 
490 1 |a Los raros ;  |v 31 
500 |a Resumen: Aun un escritor prolífico puede encontrar frente a sí el libro imposible de concluir. Aun un escritor capaz de recorrer las torsiones de la lengua y desplegar rutilantes preciosismos puede toparse con un tema que obstaculiza y detiene. Incluso, cuando ese tema es objeto de una larga y consecuente meditación. En la Sala del Tesoro de la Biblioteca Nacional están los manuscritos de un inconcluso libro de Leopoldo Lugones, al que el escritor tituló El dogma de obediencia. En esta edición se transcriben esos manuscritos con la prudencia de saber que su destino no fue resuelto por el autor, pese a que en distintas circunstancias de su vida escribió partes, agregó rectificaciones, prometió conclusiones, publicó capítulos. La obra dice mucho sobre las tenaces preocupaciones del poeta y en sus contradicciones están las huellas de un derrotero vital que no cesa de permanecer elusivo a la comprensión. Porque si desde principios de la década de 1910 el escritor proyecta ese libro como parte de un combate libertario, en los años 20 será redefinido como crítica al comunismo. Dogma de obediencia será siempre el nombre de la opresión, solo que esta va encontrando sucesivas y contradictorias formas históricas (descripción del editor). 
530 |a Disponible también en línea en formato PDF. 
020 |a 9789879350935 
100 1 |a Lugones, Leopoldo. 
700 1 |a Larsen, Cecilia, estudio preliminar. 
700 1 |a López, María Pía, estudio preliminar. 
082 0 4 |a A864.4 L968-1 
653 |a Literatura argentina 
653 |a Poder 
653 |a Obediencia 
653 |a Gobernabilidad 
653 |a Ensayo argentino 
655 7 |a Libros electrónicos 
856 4 0 |u https://catalogo.bn.gov.ar/F/?func=direct&doc%5Fnumber=001306025&local%5Fbase=GENER  |y Acceso a texto completo 
859 |a AR-BHAM  |b BIB. HUMANIDADES - General  |h A864.4  |i L968-1  |p 57.24  |t 1